Pozycja Topical Term
Liczba rekordów, w których użyto hasła: 1
001 - Numer kontrolny
- control field: 40415
003 - Identyfikator numeru kontrolnego
- control field: NUKAT
005 - Data i czas ostatniej modyfikacji
- control field: 20260422200029.0
008 - Dane kontrolne kodowane (40 znaków)
- fixed length control field: 050120n||azznnbabn |a ana |
010 ## - Numer kontrolny Biblioteki Kongresu
- numer kontrolny LC: p 2004308133
035 ## - Numer systemowy
- numer systemowy: a10083078
035 ## - Numer systemowy
- numer systemowy: (PL)a0000001008307
040 ## - Instytucja sporządzająca rekord
- inst. przygot. dane do rek. khw: WA N
- język haseł przedmiotowych/tezaurus: DBN
- inst. wprow. rek. khw: WA N
072 ## - Kod kategorii przedmiotu
- kod kategorii przedmiotu: 29
150 ## - Hasło - nazwa pospolita
- nazwa posp. lub nazwa geogr. na pocz.: Religioznawstwo
450 ## - Trop zob. - nazwa pospolita
- nazwa posp. lub nazwa geogr. na pocz.: Historia religii
550 ## - Trop zob. też - nazwa pospolita
- podpole kontrolne: g
- nazwa posp. lub nazwa geogr. na pocz.: Nauki humanistyczne
550 ## - Trop zob. też - nazwa pospolita
- podpole kontrolne: g
- nazwa posp. lub nazwa geogr. na pocz.: Nauki społeczne
550 ## - Trop zob. też - nazwa pospolita
- nazwa posp. lub nazwa geogr. na pocz.: Antropologia religii
550 ## - Trop zob. też - nazwa pospolita
- nazwa posp. lub nazwa geogr. na pocz.: Euhemeryzm
550 ## - Trop zob. też - nazwa pospolita
- nazwa posp. lub nazwa geogr. na pocz.: Psychologia religii
550 ## - Trop zob. też - nazwa pospolita
- nazwa posp. lub nazwa geogr. na pocz.: Religia
550 ## - Trop zob. też - nazwa pospolita
- nazwa posp. lub nazwa geogr. na pocz.: Religioznawcy
550 ## - Trop zob. też - nazwa pospolita
- podpole kontrolne: h
- nazwa posp. lub nazwa geogr. na pocz.: Angelologia
550 ## - Trop zob. też - nazwa pospolita
- podpole kontrolne: h
- nazwa posp. lub nazwa geogr. na pocz.: Demonologia
550 ## - Trop zob. też - nazwa pospolita
- podpole kontrolne: h
- nazwa posp. lub nazwa geogr. na pocz.: Islamistyka
550 ## - Trop zob. też - nazwa pospolita
- podpole kontrolne: h
- nazwa posp. lub nazwa geogr. na pocz.: Religioznawstwo kognitywne
550 ## - Trop zob. też - nazwa pospolita
- podpole kontrolne: h
- nazwa posp. lub nazwa geogr. na pocz.: Studia ezoteryczne
550 ## - Trop zob. też - nazwa pospolita
- podpole kontrolne: h
- nazwa posp. lub nazwa geogr. na pocz.: Teologia religii
555 ## - Trop zob. też - nazwa rodz. lub formalna
- nazwa rodzajowa/formalna: Czasopismo religioznawcze
682 ## - Informacja o usuniętym haśle
- tekst wyjaśniający: zatwierdzone